000 00908nam a2200241 a 4500
001 000030518
005 20200930062345.0
008 110523s2011 dr ad 001 0 spa d
020 _a9789945164015
040 _aDO-SdBNP
_bspa
_cBNPHU
082 _a174.957
_bF363d
100 1 _aFernández R., Liliana B.
_957146
245 1 3 _aLa dimensión bioética en el tratamiento médico :
_binvestigación en pacientes con enfermedades hematológicas terminales /
_cLiliana B. Fernández R.
260 _aSanto Domingo :
_bBúho,
_c2011.
300 _a344 p. :
_bil., gráfcs. ;
_c23 cm.
500 _aIncluye datos biográficos del autor en la solapa de la cubierta.
590 _aInventariado, 2018/MFF
650 4 _aBioética
_9236
650 4 _aCiencia y ética
_9237
650 4 _aÉtica médica
_936009
650 4 _aEnfermos de cáncer
_xInvestigaciones
_957147
910 _aValidado. Control de calidad EMS
999 _c30010
_d30010